000 01062nam a2200301 i 4500
003 EG-GICUC
005 20260121101635.0
008 260101s1928 fr ||||fr|||| 000 0 fre d
040 _aEG-GiCUC
_bfre
_cEG-GiCUC
_dEG-GiCUC
_eRda
041 _afre
082 0 4 _221
_a341.28
_bRE . M
092 0 4 _221
099 _aLaw1 11 341.28 RE . M 1928
100 1 _aRees, D. F. W. Van
_eAuteur
245 1 4 _aLes Mandats Internationaux :
_bLes Principes Généraux Du Régime Des Mandats /
_cD. F. W. Van Rees.
264 1 _aparis :
_bRousseau & Co, Editeurs,
_c1928.
300 _a259 page ;
_c 24 cm.
_billustration ;
336 _2rda contenu
_a texte
337 _2rda medias
_aOrdinateur
338 _2 transporteur rda
_a Ressource en ligne
504 _aBibliography: pages 200-250. 240-220
546 _aTexte en français
650 1 _aTerritoires non autonomes -- Statut international
_xDroit international public
_2qrmak
651 1 _2qrmak
856 4 0 _uhttps://fll.law.cu.edu.eg/fulltext/bks/B11-06725.pdf
905 _a75
942 _2ddc
_n0
_cBK
_e21
999 _c53811
_d53811